All Girl Names Starting With E in the US Top 1000(2015) Quiz Stats

Quiz not verified by Sporcle

Challenge
Share
Tweet
Embed
Score 0/67 Timer 16:00
0 Plays Today
Rank % Correct
1.Emma
97.8%
8.Emily
97.8%
476.Eve
97.3%
18.Ella
97%
75.Eva
97%
47.Ellie
94.8%
175.Eliza
94%
15.Evelyn
93.7%
398.Elle
92.6%
13.Elizabeth
92.4%
203.Esther
88.3%
337.Erin
88%
705.Ellen
86.6%
681.Erica
86.4%
60.Eleanor
82.6%
486.Elisa
82.3%
718.Elisabeth
82.3%
728.Erika
81.7%
867.Emilie
81.5%
487.Elsa
78.2%
526.Edith
77.7%
174.Elise
76.6%
106.Elena
75.7%
513.Evie
75.7%
145.Emilia
74.4%
441.Evelynn
73.8%
585.Emilee
71.4%
386.Elsie
69.8%
673.Elaine
66.8%
970.Emmalee
65.4%
103.Eliana
64.9%
432.Emely
64.9%
156.Eden
64%
592.Emelia
60.8%
Rank % Correct
653.Elyse
59.7%
598.Elianna
58%
694.Eileen
56.9%
920.Elin
56.7%
682.Esme
56.1%
616.Emmy
55.6%
256.Eloise
55.3%
134.Emery
54.8%
261.Evangeline
54.8%
180.Emerson
53.4%
302.Elliana
52.3%
823.Estelle
50.1%
138.Everly
48.8%
291.Elaina
46%
874.Estella
45.5%
369.Esmeralda
43.9%
393.Emersyn
43.6%
457.Emmalyn
43.3%
900.Emmaline
43.1%
790.Emerie
42.8%
962.Ellis
42.2%
697.Emmalynn
40.6%
794.Estrella
38.7%
809.Emmeline
37.1%
613.Everleigh
36.2%
366.Ember
34.3%
870.Evalyn
33.5%
635.Elliot
31.3%
674.Elliott
29.4%
626.Emory
29.2%
949.Ellison
24.3%
926.Esperanza
20.7%
963.Elora
13.9%

You're not logged in!

Compare scores with friends on all Sporcle quizzes.
Join for Free
OR
Log In

You Might Also Like...

Show Comments

Extras

Top Quizzes Today


Score Distribution

Your Account Isn't Verified!

In order to create a playlist on Sporcle, you need to verify the email address you used during registration. Go to your Sporcle Settings to finish the process.

Report this User

Report this user for behavior that violates our Community Guidelines.

Details: